Normal view
MARC view
- Structural control (Engineering)
Entry Topical Term
001 - CONTROL NUMBER
- control field: 35956
003 - CONTROL NUMBER IDENTIFIER
- control field: NUST
005 - DATE AND TIME OF LATEST TRANSACTION
- control field: 20210311154539.0
008 - FIXED-LENGTH DATA ELEMENTS
- fixed length control field: 210311|| aca||aabn | a|a d
040 ## - CATALOGING SOURCE
- Original cataloging agency: NUST
- Transcribing agency: NUST
150 ## - HEADING--TOPICAL TERM
- Topical term or geographic name entry element: Structural control (Engineering)
670 ## - SOURCE DATA FOUND
- Source citation: Work cat.: (NUST)31610: Krysinski, Tomasz. 35954, Mechanical Vibrations :, c2006.
